LDR 01368naa#a2200193#i#450# 001 RU\\bibl\120707 005 20260418123607.6 011 ## _a2409-1073 100 ## _a20240620b2024####ek#y0rusy0150####ca 102 ## _aRU 200 1# _aФормирование вкусов и предпочтений в современном обществе: философский анализ _eЖурнальная статья 210 1# _aМосква _cФедеральное государственное автономное образовательное учреждение высшего образования Национальный исследовательский университет "Московский институт электронной техники" _d2024 215 ## _a0 с. 608 ## _aЖурнальная статья _2local 675 ## _aФилософия. Психология. 1 _aСоциальная структура. Общество как социальная система.Личности и персональные характеристики могут быть обозначены через -05 (табл.Ik). 316.3 _z 700 #1 _aРавочкин _gНикита Николаевич 700 #1 _aФилимонова _gДарья Олеговна 700 #1 _aКаторгин _gИлья Станиславович 856 4# _aesgi-journal.ru _u